| 000 | 00885nam a2200241 i 4500 | ||
|---|---|---|---|
| 001 | 6041 | ||
| 003 | ES-MaACL | ||
| 005 | 20250728030658.0 | ||
| 007 | t| | ||
| 008 | 890705s1988 sp ||||1| spa d | ||
| 020 | _a84-86314-53-4 | ||
| 080 | _a581.9(467.33) | ||
| 100 | 1 |
_aTorre García, Antonio de la. _9110775 |
|
| 245 | 1 | 0 |
_aFlora, vegetación y suelos de la sierra del Maigmó (Alicante) / _cAntonio de la Torre García. |
| 260 |
_aAlicante : _bCaja de Ahorros Provincial, _c1988. |
||
| 300 |
_a248 p. ; _c21 cm. |
||
| 490 | 1 |
_aPublicaciones de la Caja de Ahorros Provincial de Alicante ; _v149 |
|
| 650 | 1 | 4 |
_aFlora- _zMaigmó. _912904 |
| 710 | 2 |
_aCaja de Ahorros Provincial de Alicante. _92280 |
|
| 830 | 0 | 0 |
_aPublicaciones de la Caja de Ahorros Provincial de Alicante _v149 _9186986 |
| 852 |
_aES-MaACL _jL-13185 _bR.116560 _z. - rust. |
||
| 999 |
_c6041 _d6041 |
||